000 00585nam a2200229Ia 4500
003 OSt
005 20230623145806.0
008 210423s2005 xx 000 0 und d
020 _a81-7880-155-8
040 _cAL
041 _aeng
082 _a541.2242 SARC
100 _aSARN (K)
_9110500
245 _aCoordination chemistry
260 _aNew Delhi
_bRajat Publications
_c2005
300 _av,130
_bHB
365 _b350
_cINR
650 _aChemistry
_9110501
650 _aPhysical & Theoretical Chemistry
_9110502
906 _achemistry ; Coordination
942 _2ddc
_cBK
999 _c167862
_d167862